Famous Person/Place Name Description Match - Statistics

General Stats
  • This quiz has been taken 24 times
  • The average score is 9 of 16
Answer Stats
Hint Explanation Answer % Correct
British Queen who reigned for 63 years Queen Victoria / Victoria, Seychelles; Victoria (British Columbia), Canada; Victoria, Australia Seychelles national capital, British Columbia province capital, or Australian state
86%
Socialite and heiress to a hotel chain Paris Hilton / Paris, France "The City of Light"
86%
Lead singer of the band ________ + the Machine Florence Welch / Florence, Italy Birthplace of the Renaissance
68%
Eldest grandaughter of King Charles and Princess Diana Princess Charlotte / Charlotte (North Carolina), USA North Carolina's most populous city
68%
First son of David and Victoria "Posh Spice" Beckham Brooklyn Beckham / Brooklyn (New York), USA A borough of the USA's biggest city
64%
Actress who, according to a controversial campaign, has "great jeans" Sydney Sweeney / Sydney, Australia Australian city with a famous Opera House
64%
LA Lakers player killed in a helicopter crash Kobe Bryant / Kobe, Japan Japanese city known for its beef
64%
Actor father of Katy Perry's daughter, Daisy Orlando Bloom / Orlando (Florida), USA Home of Disney World
59%
American politician known by her initials AOC Alexandria Ocasio-Cortez / Alexandria, Egypt Location of an ancient lighthouse and library
55%
Actor who played the role of Elvis Presley in 2022 Austin Butler / Austin (Texas), USA Texas state capital
50%
First woman to win a Best Director Oscar Sofia Coppola / Sofia, Bulgaria Capital of Bulgaria
45%
"Ugly Betty" lead actress America Ferrera / North and South America Continents - North and South
45%
Frontman of the band Nickelback Chad Kroeger / Chad, Africa Country whose flag is almost identical to Romania's flag
41%
"The Mother of American Modernism" Georgia O'Keeffe / Georgia, Asia or Georgia, USA Country in Asia or state in the USA
36%
Czech novelist who wrote "The Unbearable Lightness of Being" Milan Kundera / Milan, Italy Italian city known for finance and fashion
36%
"The Voice of Hawaii": Hawaii's most successful musician Israel Kamakawiwoʻole / Israel, Asia The only country with a Jewish majority
27%
No matching quizzes found
Score Distribution
Percent of People with Each Score
Percentile by Number Answered
Your Score History
You have not taken this quiz